|
|
|
|
| LEADER |
00000nam a22000007a 4500 |
| 005 |
20191016222754.0 |
| 007 |
cr|||| |||| |
| 008 |
191016c20179999gb wr|w s|||| 0|||b1eng d |
| 022 |
|
|
|a 1556-763X
|
| 035 |
|
|
|a 22372
|
| 040 |
|
|
|a vLex
|
| 090 |
|
|
|c 9862
|d 9862
|
| 245 |
0 |
0 |
|a Forum on Public Policy
|h [Recurso electrn̤ico] :
|b A Journal of the Oxford Round Table
|
| 256 |
|
|
|a Servicio en ln̕ea
|
| 260 |
|
|
|a Londres:
|b Forum on Public Policy,
|c 2017 -
|
| 300 |
|
|
|a 1 recurso electrn̤ico
|
| 310 |
|
|
|a Semestral
|
| 506 |
1 |
|
|a Disponible solo en los productos indicados
|d vLex Global
|d vLex Global (Academic Edition, excluding Law Schools)
|d vLex Global (U.S. Academic Edition, Law Schools)
|d vLex Global (U.S. Academic Edition, excluding Law Schools)
|d vLex Global (Academic Edition, Law Schools)
|
| 650 |
0 |
4 |
|a Derecho Pb︢lico y Administrativo
|z Reino Unido
|
| 740 |
0 |
|
|a vLex Revistas (Servicio en ln̕ea)
|
| 856 |
4 |
0 |
|u http://vlex.com/source/22372
|z Acceso restringido
|
| 942 |
|
|
|c REV
|
| 999 |
0 |
|
|a Public and Administrative Law
|